[Event "Rio de Janeiro op 3rd"]
[Site "Rio de Janeiro"]
[Date "2024.04.22"]
[Round "1"]
[White "Quintela, Filipe"]
[Black "Terao, Juliana Sayumi"]
[Result "0-1"]
[WhiteElo "1789"]
[BlackElo "2179"]
[PlyCount "34"]
[EventDate "2024.04.22"]
[EventType "swiss"]
[EventRounds "9"]
[EventCountry "BRA"]
[SourceTitle "CB18_2024"]
[SourceDate "2024.05.01"]
[SourceVersion "1"]
[SourceVersionDate "2024.05.01"]
[SourceQuality "2"]

1. e4 c5 2. Nf3 Nc6 3. Bc4 e6 4. Nc3 a6 5. d4 cxd4 6. Nxd4 Qc7 7. Nxc6 dxc6 8. a4 Nf6 9. Qf3 Bd6 10. g3 e5 11. h3 0-0 12. Bg5 Nd7 13. 0-0-0 b5 14. Be2 Nc5 15. Qh5 b4 16. Be3 bxc3 17. Bxc5 cxb2+ 0-1

[Event "Florianopolis op 10th"]
[Site "Florianopolis"]
[Date "2024.01.25"]
[Round "7"]
[White "Terao, Juliana Sayumi"]
[Black "Colivet Gamboa, Julio Cesar"]
[Result "1-0"]
[WhiteElo "2198"]
[BlackElo "1976"]
[PlyCount "59"]
[EventDate "2024.01.20"]
[EventType "swiss"]
[EventRounds "10"]
[EventCountry "BRA"]
[SourceTitle "CB05_2024"]
[SourceDate "2024.01.31"]
[SourceVersion "1"]
[SourceVersionDate "2024.01.31"]
[SourceQuality "1"]

1. e4 c5 2. Nf3 Nc6 3. d4 cxd4 4. Nxd4 g6 5. Nc3 Bg7 6. Be3 Nf6 7. Nxc6 bxc6 8. e5 Ng8 9. Bd4 Nh6 10. e6 0-0 11. Bxg7 Kxg7 12. exd7 Qxd7 13. Qxd7 Bxd7 14. 0-0-0 Be6 15. h3 Rfd8 16. Ba6 Rab8 17. Rhe1 Ng8 18. Rxd8 Rxd8 19. Ne4 Rd4 20. Nc5 Bd5 21. f3 Bc4 22. c3 Rd5 23. Ne6+ fxe6 24. Bxc4 Kf6 25. Bxd5 exd5 26. Kc2 Nh6 27. Kb3 Nf5 28. Kb4 e5 29. Kc5 Nh4 30. Re2 1-0

[Event "Criciuma op-A"]
[Site "Criciuma"]
[Date "2024.01.15"]
[Round "5"]
[White "Bueno, Alfeu Varela Jr"]
[Black "Terao, Juliana Sayumi"]
[Result "0-1"]
[WhiteElo "2156"]
[BlackElo "2198"]
[PlyCount "76"]
[EventDate "2024.01.12"]
[EventType "swiss"]
[EventRounds "9"]
[EventCountry "BRA"]
[SourceTitle "CB04_2024"]
[SourceDate "2023.10.16"]
[SourceVersion "1"]
[SourceVersionDate "2023.10.16"]
[SourceQuality "1"]

1. e4 c5 2. Nc3 e6 3. f4 a6 4. g3 b5 5. Bg2 Bb7 6. d3 b4 7. Nb1 d5 8. Qe2 Nc6 9. Nf3 Nge7 10. Be3 dxe4 11. dxe4 Nd4 12. Bxd4 cxd4 13. Nbd2 Nc6 14. Nb3 Qb6 15. 0-0-0 Rd8 16. Qc4 Be7 17. Nfxd4 0-0 18. Rd2 Rc8 19. Nxc6 Bxc6 20. Qd4 Qc7 21. Qc4 Qb6 22. Qd4 Qc7 23. e5 Bxg2 24. Rxg2 a5 25. Kb1 a4 26. Nc1 Rfd8 27. Qe4 a3 28. c3 axb2 29. Kxb2 Qa7 30. Kb1 Rxc3 31. Qe2 Bc5 32. Rd1 Ra8 33. Qd2 h6 34. Qd7 Qa6 35. a4 bxa3 36. Rd3 a2+ 37. Ka1 Qa3 38. Ne2 Qb2+ 0-1

[Event "Criciuma op-A"]
[Site "Criciuma"]
[Date "2024.01.14"]
[Round "4"]
[White "Terao, Juliana Sayumi"]
[Black "Gemy Vargas, Jose Daniel"]
[Result "0-1"]
[WhiteElo "2198"]
[BlackElo "2329"]
[PlyCount "64"]
[EventDate "2024.01.12"]
[EventType "swiss"]
[EventRounds "9"]
[EventCountry "BRA"]
[SourceTitle "CB04_2024"]
[SourceDate "2023.10.16"]
[SourceVersion "1"]
[SourceVersionDate "2023.10.16"]
[SourceQuality "1"]

1. e4 e5 2. Nf3 Nc6 3. Bb5 a6 4. Ba4 Nf6 5. d3 d6 6. c3 g6 7. 0-0 Bg7 8. Re1 0-0 9. h3 b5 10. Bc2 Bb7 11. Be3 h6 12. Nbd2 Nd7 13. d4 exd4 14. cxd4 Nb4 15. e5 dxe5 16. dxe5 Re8 17. Bf4 Nc5 18. Bg3 Ncd3 19. Bxd3 Nxd3 20. Re3 Nxb2 21. Qc2 Na4 22. Rd1 Qc8 23. Ne4 Bxe4 24. Qxe4 c5 25. Red3 Nb2 26. R3d2 Nxd1 27. Rxd1 Qe6 28. Qc2 Rad8 29. Re1 Qd5 30. h4 c4 31. Qc3 Qc5 32. Rc1 b4 0-1

[Event "Niteroi op 3rd"]
[Site "Niteroi"]
[Date "2023.09.10"]
[Round "9"]
[White "Terao, Juliana Sayumi"]
[Black "Mariano, Marceley Martins"]
[Result "0-1"]
[WhiteElo "2217"]
[BlackElo "2051"]
[PlyCount "96"]
[EventDate "2023.09.04"]
[EventType "swiss"]
[EventRounds "9"]
[EventCountry "BRA"]
[SourceTitle "EXT 2024"]
[Source "ChessBase"]
[SourceDate "2023.10.10"]
[SourceVersion "1"]
[SourceVersionDate "2023.10.10"]
[SourceQuality "1"]

1. e4 c5 2. c3 d5 3. exd5 Qxd5 4. d4 Nc6 5. Nf3 Bg4 6. dxc5 Qxc5 7. Be3 Qh5 8. Be2 e6 9. Qb3 0-0-0 10. Nbd2 Bc5 11. 0-0-0 Bxe3 12. fxe3 Qc5 13. Qc4 Qxc4 14. Nxc4 Kc7 15. Rxd8 Nxd8 16. h3 Bh5 17. Rd1 Nf6 18. Nd6 a6 19. e4 Rf8 20. c4 Nc6 21. g4 Bg6 22. e5 Nd7 23. Nxb7 Ndxe5 24. Nc5 a5 25. a3 h6 26. Nxe5 Nxe5 27. Kd2 Rd8+ 28. Kc3 Rxd1 29. Bxd1 Nd7 30. Nb3 Kb6 31. Kd4 a4 32. c5+ Kb5 33. Be2+ Kc6 34. Na5+ Kc7 35. Bb5 e5+ 36. Kd5 f6 37. Bxd7 Kxd7 38. c6+ Kc7 39. Kc5 Bd3 40. Kb4 e4 41. Kc3 Bf1 42. h4 e3 43. b4 axb3 44. Nxb3 Kxc6 45. Nd4+ Kd5 46. a4 Ke4 47. a5 Ba6 48. Nf5 Kf3 0-1

[Event "Gaudium Masters-B"]
[Site "Chess.com INT"]
[Date "2023.06.29"]
[Round "2"]
[White "Terao, Juliana Sayumi"]
[Black "Quintiliano Pinto, Renato Rodrigues"]
[Result "1-0"]
[WhiteElo "2211"]
[BlackElo "2509"]
[PlyCount "91"]
[EventDate "2023.06.29"]
[EventType "tourn (blitz)"]
[EventRounds "10"]
[EventCountry "BRA"]
[EventCategory "8"]
[SourceTitle "CBM 215 Extra"]
[Source "ChessBase"]
[SourceDate "2023.09.30"]
[SourceVersion "1"]
[SourceVersionDate "2023.09.30"]
[SourceQuality "1"]

1. e4 c5 2. Nf3 d6 3. c3 Nf6 4. h3 Nc6 5. Bd3 e5 6. Bc2 g6 7. 0-0 Bg7 8. d4 cxd4 9. cxd4 exd4 10. Nxd4 0-0 11. Be3 Re8 12. Nc3 d5 13. Nxc6 bxc6 14. exd5 cxd5 15. Bd4 Be6 16. Qf3 Rb8 17. Bb3 Ne4 18. Bxg7 Kxg7 19. Rad1 Nxc3 20. Qxc3+ Kg8 21. Rd4 Qg5 22. Rfd1 Rec8 23. Qd2 Qf6 24. Rf4 Qg7 25. Rd4 h5 26. Qa5 Rb7 27. Qd2 Kh7 28. Qg5 Rc5 29. R1d2 a5 30. Kh2 Rb4 31. Qe3 Rbb5 32. Ba4 Rb8 33. Bb3 Rcb5 34. Bxd5 Bxd5 35. Rxd5 Rxb2 36. Rxb2 Rxb2 37. Rxa5 Qf6 38. f3 Qd6+ 39. Qe5 Qd2 40. Qg5 Qd4 41. Rd5 Qb4 42. Rd7 Qb8+ 43. Qg3 Qe8 44. Qd6 Rxa2 45. Qd5 Kg8 46. Rd8 1-0

[Event "Caioba op 7th"]
[Site "Caioba"]
[Date "2023.06.20"]
[Round "4"]
[White "Terao, Juliana Sayumi"]
[Black "Delgado Ramirez, Neuris"]
[Result "0-1"]
[WhiteElo "2211"]
[BlackElo "2553"]
[PlyCount "66"]
[EventDate "2023.06.18"]
[EventType "swiss"]
[EventRounds "9"]
[EventCountry "BRA"]
[SourceTitle "CBM 214 Extra"]
[Source "ChessBase"]
[SourceDate "2023.07.31"]
[SourceVersion "1"]
[SourceVersionDate "2023.07.31"]
[SourceQuality "1"]

1. e4 e5 2. Nf3 Nc6 3. Bb5 a6 4. Ba4 Nge7 5. 0-0 Ng6 6. c3 d5 7. exd5 Qxd5 8. Bb3 Qd3 9. Bc2 Qd6 10. Re1 Be7 11. a4 Be6 12. b3 Bd5 13. Ba3 Qf6 14. Bxe7 Ngxe7 15. Be4 Bxe4 16. Rxe4 0-0-0 17. Qe2 Ng6 18. Na3 Nf4 19. Qe1 Qg6 20. g3 Nd3 21. Qe2 f5 22. Re3 e4 23. Nh4 Qf7 24. f3 f4 25. Rxe4 g5 26. Ng2 Nc5 27. Rc4 Nxb3 28. Rd1 Rhe8 29. Qf2 Nba5 30. Rc5 Qb3 31. Rb1 Qxa3 32. Rxg5 Nc4 33. Nxf4 Nxd2 0-1

[Event "Caioba Rapid op 7th"]
[Site "Caioba"]
[Date "2023.06.18"]
[Round "7"]
[White "Perdomo, Leandro Daniel"]
[Black "Terao, Juliana Sayumi"]
[Result "1/2-1/2"]
[WhiteElo "2389"]
[BlackElo "2211"]
[PlyCount "27"]
[EventDate "2023.06.17"]
[EventType "swiss (rapid)"]
[EventRounds "11"]
[EventCountry "BRA"]
[SourceTitle "CBM 214 Extra"]
[Source "ChessBase"]
[SourceDate "2023.07.31"]
[SourceVersion "1"]
[SourceVersionDate "2023.07.31"]
[SourceQuality "1"]

1. d4 Nf6 2. c4 e6 3. Nc3 Bb4 4. e3 0-0 5. Nf3 d5 6. Bd2 b6 7. cxd5 exd5 8. Bd3 Re8 9. Qc2 Bf8 10. 0-0-0 c5 11. dxc5 bxc5 12. Qa4 c4 13. Bb1 Na6 14. Nb5 1/2-1/2

[Event "Florianopolis op 9th"]
[Site "Florianopolis"]
[Date "2023.01.26"]
[Round "6"]
[White "Lutz, Igor Oscar"]
[Black "Terao, Juliana Sayumi"]
[Result "0-1"]
[WhiteElo "2022"]
[BlackElo "2243"]
[PlyCount "40"]
[EventDate "2023.01.23"]
[EventType "swiss"]
[EventRounds "10"]
[EventCountry "BRA"]
[SourceTitle "CBM 212 Extra"]
[Source "ChessBase"]
[SourceDate "2023.03.31"]
[SourceVersion "1"]
[SourceVersionDate "2023.03.31"]
[SourceQuality "1"]

1. d4 Nf6 2. c4 e6 3. g3 d5 4. Nf3 dxc4 5. Qa4+ Nbd7 6. Qxc4 a6 7. Bg2 b5 8. Qc2 Bb7 9. Bd2 c5 10. 0-0 Rc8 11. dxc5 Bxc5 12. Qd3 Be4 13. Qb3 Bc2 14. Qc3 b4 15. Qxc2 Bxf2+ 16. Rxf2 Rxc2 17. Bxb4 Qb6 18. Bc3 Rc1+ 19. Bf1 Rxc3 20. Nxc3 Qxb2 0-1